[Event "Chessable Masters Play-In"]
[Site "chess.com INT"]
[Date "2024.01.31"]
[Round "3"]
[White "Neiksans, A."]
[Black "Kramnik, V."]
[Result "1-0"]
[WhiteElo "2588"]
[BlackElo "2753"]
[PlyCount "139"]
[EventDate "2024.01.31"]

1. Nf3 Nf6 2. g3 b5 3. Bg2 Bb7 4. Na3 b4 5. Nc4 a5 6. O-O e6 7. d3 d5 8. Nce5 Be7 9. a3 O-O 10. axb4 axb4 11. Rxa8 Bxa8 12. b3 $146 ({RR} 12. Bd2 Nbd7 13. Qa1 Nxe5 14. Nxe5 Bd6 15. Nf3 c5 16. Qa7 Bc6 17. Bf4 Qb8 18. Ra1 Bxf4 19. gxf4 Qxf4 20. Qxc5 Bd7 21. Qd4 Qxd4 22. Nxd4 g5 23. Ra6 Rc8 24. h4 g4 25. e4 dxe4 26. dxe4 Rc5 {Benidze,D (2491)-Arutinian,D (2566) Tbilisi 2010 ½-½ (38)}) 12... Nbd7 13. Bb2 Bb7 14. Qa1 c5 15. Qa4 Qc7 16. Ra1 Bd6 17. Nxd7 Nxd7 18. Qa2 h6 19. Nd2 Be5 20. Qb1 Bc3 21. Nf3 d4 22. Bxc3 bxc3 23. Ra7 Qb6 24. Qa1 Rb8 25. Qa3 e5 26. Nh4 Bxg2 27. Kxg2 Qc6+ 28. Nf3 e4 29. dxe4 Re8 30. Qa5 Nf6 31. e5 Nd5 32. Ra6 Qc8 33. Rd6 Nb4 34. Nxd4 Qb7+ 35. Nf3 Rxe5 36. Qd8+ Kh7 37. Rd7 Rd5 38. Rxb7 Rxd8 39. Rc7 Nxc2 40. Rxc5 Rb8 41. Rxc3 Nb4 42. Nd4 Rb7 43. e3 Na2 44. Rc4 Nb4 45. h4 g6 46. g4 Kg7 47. Kg3 Nd3 48. Rc3 Nb4 49. Kf3 Nd5 50. Rc5 Nf6 51. g5 hxg5 52. hxg5 Nd7 53. Rd5 Rc7 54. b4 Nb6 55. Rc5 Rd7 56. Rb5 Nd5 57. Rb8 Nc3 58. b5 Rd5 59. Kg4 Ne4 60. f4 Nd6 61. Rd8 Nc4 62. Rxd5 Nxe3+ 63. Kf3 Nxd5 64. Ke4 Nb6 65. Ke5 Kf8 66. Kd6 f6 67. Kc6 Na4 68. b6 Nxb6 69. Kxb6 Ke7 70. Kc5 1-0

[Event "Chessable Masters Play-In"]
[Site "chess.com INT"]
[Date "2024.01.31"]
[Round "4"]
[White "Theodorou, Nikolas"]
[Black "Sasikiran, K."]
[Result "1-0"]
[WhiteElo "2627"]
[BlackElo "2586"]
[PlyCount "63"]
[EventDate "2024.01.31"]

1. Nf3 d5 2. b3 c5 3. Bb2 f6 4. e4 dxe4 5. Nh4 Nh6 6. Nc3 Nc6 7. Nxe4 e5 $146 ({RR} 7... e6 8. Bb5 Be7 9. Bxc6+ bxc6 10. f4 O-O 11. O-O Nf7 12. Nf3 c4 13. bxc4 c5 14. Qe2 Rb8 15. Bc3 Qc7 16. Rae1 Bd7 17. Ng3 Rfe8 18. Nh5 Bd6 19. Qd3 Be7 20. Nxg7 Kxg7 21. Ng5 Nxg5 22. fxg5 {Theodorou,N (2612)-Bocharov,D (2535) chess.com INT 2025 1-0}) 8. f4 Bg4 9. Be2 f5 10. Ng5 exf4 11. Nhf3 Qd7 12. Bc4 Qe7+ 13. Ne6 b5 14. Bd5 Nb4 15. Bxa8 Qxe6+ 16. Kf2 Kd8 17. h3 Bh5 18. a3 Na6 19. Ng5 Qg6 20. Ne6+ Qxe6 21. Qxh5 Nc7 22. Bf3 Nf7 23. Rhe1 Qd7 24. Qh4+ g5 25. Qh5 c4 26. Bxh8 Nxh8 27. Qxg5+ Kc8 28. Qg8 Ng6 29. bxc4 Qd4+ 30. Kf1 bxc4 31. Rab1 Kd7 32. Qxh7+ 1-0

[Event "Chessable Masters Play-In"]
[Site "chess.com INT"]
[Date "2024.01.31"]
[Round "6"]
[White "Georgiadis, N."]
[Black "Sadhwani, Raunak"]
[Result "1-0"]
[WhiteElo "2547"]
[BlackElo "2654"]
[PlyCount "81"]
[EventDate "2024.01.31"]

1. Nf3 Nf6 2. b3 g6 3. Bb2 Bg7 4. g3 O-O 5. Bg2 d6 6. O-O e5 7. d3 Nc6 8. c4 Bd7 9. Nbd2 ({RR} 9. Nc3 Qc8 10. Rc1 Bh3 11. Nd5 Bxg2 12. Kxg2 Qd7 13. e4 Rae8 14. Ne3 Nh5 15. Ng1 Nd4 16. Bxd4 exd4 17. Nc2 f5 18. exf5 Rxf5 19. Qd2 c5 20. Rce1 Qc6+ 21. f3 Ref8 22. Qe2 Re5 23. Qd1 Nf6 {Daneshvar,B (2598)-Sindarov,J (2677) chess.com INT 2024 ½-½ (93)}) ({RR} 9. Nc3 Ne8 10. Qd2 f5 11. Rad1 f4 12. Nd5 g5 13. b4 a6 14. a4 Nf6 15. Nxg5 Nxd5 16. Bxd5+ Kh8 17. Nf7+ Rxf7 18. Bxf7 Qe7 19. Bd5 Bh3 20. Bg2 Bg4 21. b5 Nd8 22. Bc3 Ne6 23. Bxb7 Rb8 {Mis,M (2351)-Wiatrowski,B Warsaw POL 2024 1-0}) 9... Qc8 10. e3 Bh3 11. d4 $146 ({RR} 11. Ne1 Bxg2 12. Kxg2 Nd7 13. a3 a5 14. Qe2 f5 15. f4 Re8 16. Nc2 exf4 17. Bxg7 fxe3 18. Bc3 exd2 19. Qxd2 Nde5 20. Ne3 Ne7 21. d4 N5c6 22. d5 Ne5 23. Bxa5 Kg7 24. Bc3 Ng8 25. g4 fxg4 {Vujicic,D (1922)-Fejzic,D (1539) Sarajevo 2019 1-0 (34)}) 11... e4 12. Ne1 d5 13. cxd5 Nb4 14. Ba3 a5 15. Bxb4 axb4 16. Nc2 Nxd5 17. Nxe4 Bf5 18. Qd2 Bxe4 19. Bxe4 Nc3 20. Bg2 c5 21. a4 Rd8 22. Rac1 Ra7 23. Rfe1 b6 24. Qd3 Qe6 25. d5 f5 26. Qxc3 Bxc3 27. dxe6 Bxe1 28. Nxe1 Kg7 29. Bf1 Kf6 30. Bc4 Rd2 31. Nf3 Rd6 32. h4 Ra8 33. Kg2 Rad8 34. Re1 Rd1 35. Re2 Ke7 36. e4 fxe4 37. Rxe4 Rf8 38. Re2 Rd6 39. Ng5 h6 40. Nf7 Rd1 41. Nxh6 1-0

[Event "Chessable Masters Play-In"]
[Site "chess.com INT"]
[Date "2024.01.31"]
[Round "6"]
[White "Banusz, T."]
[Black "Jumabayev, R."]
[Result "1-0"]
[WhiteElo "2621"]
[BlackElo "2598"]
[PlyCount "87"]
[EventDate "2024.01.31"]

1. Nf3 Nf6 2. g3 d5 3. Bg2 c5 4. O-O g6 5. c4 d4 6. b4 Bg7 7. bxc5 Nc6 8. d3 O-O 9. Nbd2 Nd7 10. Nb3 a5 $146 ({RR} 10... h6 11. Bb2 e5 12. Nfd2 f5 13. f4 Qe7 14. Kh1 Re8 15. Bd5+ Kh7 16. Nf3 a5 17. Bxc6 bxc6 18. fxe5 a4 19. Nbxd4 Nxe5 20. Rb1 Qxc5 21. Nxe5 Bxe5 22. Nf3 Bxb2 23. Rxb2 Qe7 24. Rf2 c5 25. Qb1 {Velikanov,A (2308)-Liang,J (2317) Charlotte 2020 1-0 (66)}) 11. a4 Re8 12. Rb1 h6 13. e3 e5 14. exd4 exd4 15. Bf4 Nde5 16. Nxe5 Nxe5 17. Qd2 Kh7 18. Rfe1 Ra6 19. Bxe5 Rxe5 20. Rxe5 Bxe5 21. Bd5 Kg7 22. Re1 Qc7 23. Qe2 Bf6 24. Qe8 Bf5 25. Nxd4 Bxd4 26. Re7 Qxe7 27. Qxe7 Rf6 28. Kg2 Bxd3 29. f3 g5 30. Qc7 h5 31. Qxa5 Bf5 32. Qc7 h4 33. g4 Bd3 34. h3 Rf4 35. a5 Bg6 36. Qxb7 Bxc5 37. Qc7 Bd4 38. a6 Bd3 39. a7 Bxa7 40. Qxa7 Bxc4 41. Qa1+ f6 42. Qa7+ Kh6 43. Be4 Bg8 44. Qe7 1-0

[Event "Chessable Masters Play-In"]
[Site "chess.com INT"]
[Date "2024.01.31"]
[Round "6"]
[White "Theodorou, Nikolas"]
[Black "Guliyev, N."]
[Result "1-0"]
[WhiteElo "2627"]
[BlackElo "2506"]
[PlyCount "135"]
[EventDate "2024.01.31"]

1. Nf3 d5 2. b3 c5 3. Bb2 Nc6 4. e3 Bg4 5. Bb5 Rc8 6. c4 ({RR} 6. O-O Nf6 7. d4 cxd4 8. Bxd4 a6 9. Bxc6+ bxc6 10. h3 Bxf3 11. Qxf3 e6 12. Nc3 c5 13. Bxf6 Qxf6 14. Qxf6 gxf6 15. Na4 c4 16. e4 cxb3 17. cxb3 d4 18. Rfc1 Kd8 19. Rxc8+ Kxc8 20. Rc1+ Kb7 {Pereira Vera,H (1830)-Vargas,M (2000) Medellin COL 2024 0-1 (44)}) 6... a6 $146 ({RR} 6... e6 7. h3 Bxf3 8. Qxf3 dxc4 9. bxc4 Qd3 10. Bxc6+ Rxc6 11. Qg3 Rb6 12. Qb8+ Kd7 13. Be5 f6 14. Nc3 Ne7 15. Na4 Rb1+ 16. Rxb1 Qxb1+ 17. Ke2 Qb4 18. Rb1 Qxc4+ 19. Ke1 Qxa4 20. Rxb7+ Kc6 21. Qc7+ {Mickiewicz,P (2344)-Solnicki,M (2126) Polanica Zdroj 2011 1-0 (38)}) ({RR} 6... e6 7. cxd5 exd5 8. O-O Nf6 9. Bxf6 Qxf6 10. Nc3 Qd8 11. d4 cxd4 12. Qxd4 Bxf3 13. gxf3 a6 14. Bxc6+ bxc6 15. Rac1 Bd6 16. Qxg7 Qh4 17. Rfd1 Ke7 18. Kf1 Rcg8 19. Qd4 Rg1+ 20. Ke2 Qxd4 21. exd4 {Timman,J (2649)-Sokolov,I (2610) Wijk aan Zee 1999 ½-½ (44)}) 7. Ba4 Nf6 8. h3 Bxf3 9. Qxf3 e6 10. g4 Be7 11. Nc3 d4 12. Ne2 e5 13. Ng3 O-O 14. Bxc6 Rxc6 15. g5 Ne8 16. h4 Qd7 17. h5 Bxg5 18. O-O-O h6 19. Rdg1 b5 20. Ne4 bxc4 21. bxc4 Rb6 22. Nxc5 Qc7 23. exd4 Nd6 24. Qd5 Rfb8 25. Bc3 exd4 26. Qxd4 Nf5 27. Qd5 Qf4 28. Nd3 Qd6 29. Qxf5 Qa3+ 30. Kd1 Qa4+ 31. Ke2 Re8+ 32. Kf3 Qxc4 33. Re1 Qc6+ 34. Kg3 Rb5 35. Rxe8+ Qxe8 36. Qf3 Bd8 37. Re1 Bc7+ 38. Kg2 Rg5+ 39. Kf1 Qb5 40. a4 Qxa4 41. Qa8+ Kh7 42. Qe4+ Qxe4 43. Rxe4 Rxh5 44. Re7 Ba5 45. Rxf7 Bxc3 46. dxc3 Rh4 47. Ke2 Rc4 48. Kd2 h5 49. Rf5 Kh6 50. Ra5 Rc6 51. Nb4 Rd6+ 52. Ke3 Re6+ 53. Kf3 Rf6+ 54. Kg2 g6 55. Rxa6 Rf4 56. Rc6 h4 57. Nd5 Rf7 58. Ne3 Kh5 59. Rc8 g5 60. c4 Rf4 61. c5 Kg6 62. c6 h3+ 63. Kxh3 Rxf2 64. c7 Rf3+ 65. Kg2 Rxe3 66. Rg8+ Kf7 67. c8=Q Re2+ 68. Kf1 1-0

[Event "Chessable Masters Play-In"]
[Site "chess.com INT"]
[Date "2024.01.31"]
[Round "7"]
[White "Malakhov, V."]
[Black "Sarana, A."]
[Result "1-0"]
[WhiteElo "2648"]
[BlackElo "2695"]
[PlyCount "91"]
[EventDate "2024.01.31"]

1. Nf3 d5 2. g3 g6 3. Bg2 Bg7 4. d4 c6 5. O-O Nf6 6. c3 O-O 7. Nbd2 Nbd7 8. Re1 c5 9. a4 ({RR} 9. e4 dxe4 10. Nxe4 Nxe4 11. Rxe4 cxd4 12. Nxd4 Nc5 13. Re1 e5 14. Nb5 Nd3 15. Rf1 Nxc1 16. Rxc1 Qb6 17. Qb3 Rd8 18. c4 Be6 19. Bd5 Bxd5 20. cxd5 e4 21. Rfe1 a6 22. Nc7 Qxb3 23. axb3 Rac8 {Gorovets,A (2476)-Sarana,A (2717) chess.com INT 2024 0-1 (39)}) 9... a5 ({RR} 9... cxd4 10. cxd4 a5 11. Nb1 Nb8 12. Nc3 Nc6 13. Ne5 Bf5 14. Bg5 Nb4 15. Rc1 Ne4 16. Be3 Nxc3 17. bxc3 Nc6 18. Qb3 Bxe5 19. dxe5 Be4 20. Bxe4 dxe4 21. e6 Qc8 22. Bh6 f5 23. Bxf8 Qxf8 24. Qxb7 {Kramnik,V (2800)-Dubov,D (2701) Moscow 2018 1-0}) 10. Nb1 $146 ({RR} 10. Qb3 Re8 11. e4 cxd4 12. cxd4 dxe4 13. Ng5 Rf8 14. Nc4 Ra6 15. Bd2 Nb6 16. Bxa5 Qd5 17. Bxb6 Qxg5 18. Bc5 Nd7 19. Ba3 Bxd4 20. Qd1 Qf6 21. Rxe4 Qxf2+ 22. Kh1 Bf6 23. Ne3 Re6 24. Ng4 Qb6 {Mosadeghpour,M (2439)-Piliposyan,R (2376) Vanadzor ARM 2024 0-1 (32)}) 10... Ne4 11. Na3 Ndf6 12. Ng5 cxd4 13. cxd4 Qb6 14. Nxe4 Nxe4 15. Be3 Bf5 16. Nb5 Rac8 17. Qb3 Rfd8 18. Rac1 Rc6 19. g4 Bc8 20. h3 f5 21. f3 Nf6 22. g5 Ne8 23. f4 Be6 24. Rc5 Bf7 25. Rec1 e6 26. Qd3 Bf8 27. R5c2 Nd6 28. Nxd6 Bxd6 29. Bd2 e5 30. fxe5 Bxe5 31. Rc5 Rdc8 32. Bxa5 Qa7 33. Bb4 Bf4 34. Rxc6 bxc6 35. Ra1 Qb8 36. Qc3 Re8 37. a5 Rxe2 38. Qc5 Rxb2 39. a6 Rxb4 40. a7 Be3+ 41. Kh1 Rb1+ 42. Bf1 Rxf1+ 43. Rxf1 Qc8 44. Ra1 Qa8 45. Qd6 Kg7 46. Qb8 1-0

[Event "Chessable Masters Play-In"]
[Site "chess.com INT"]
[Date "2024.01.31"]
[Round "8"]
[White "Daneshvar, Bardiya"]
[Black "Dominguez Perez, L."]
[Result "1-0"]
[WhiteElo "2597"]
[BlackElo "2752"]
[PlyCount "55"]
[EventDate "2024.01.31"]

1. Nf3 Nf6 2. g3 c5 3. Bg2 Nc6 4. O-O e5 5. e4 d6 6. d3 g6 7. Nc3 Bg7 8. Nd2 O-O 9. Nc4 Bg4 10. Bf3 $146 ({RR} 10. f3 Be6 11. Ne3 d5 12. exd5 Nxd5 13. Nexd5 Bxd5 14. Nxd5 Qxd5 15. f4 Qd4+ 16. Kh1 exf4 17. c3 Qd7 18. Bxf4 Rad8 19. Bg5 Rde8 20. Qd2 Nd8 21. Be3 Ne6 22. Rad1 Rd8 23. d4 cxd4 24. cxd4 Bxd4 {Moroni,L (2580)-Fier,A (2566) Vasto ITA 2024 ½-½ (43)}) ({RR} 10. f3 Be6 11. Ne3 d5 12. exd5 Nxd5 13. Nexd5 Bxd5 14. Nxd5 Qxd5 15. Be3 Qd6 16. Qd2 Rad8 17. Rae1 c4 18. Qf2 cxd3 19. Bc5 Qd5 20. Bxf8 Bxf8 21. Qd2 Qc5+ 22. Kh1 dxc2 23. Qe2 Nd4 24. Qe3 Nf5 {Shuvalova,P (2500)-Paravyan,D (2596) chess.com INT 2025 0-1 (104)}) 10... Bxf3 11. Qxf3 d5 12. exd5 Nd4 13. Qd1 Nxd5 14. Be3 Rc8 15. a4 Nb4 16. Rc1 f5 17. Re1 Nbc6 18. Nb5 Qd7 19. Bxd4 cxd4 20. Qf3 Rce8 21. Qg2 Re6 22. Re2 Rfe8 23. Rce1 a6 24. Nba3 Nb4 25. a5 e4 26. Qf1 Nd5 27. Nb6 Qb5 28. Nxb5 1-0

[Event "Chessable Play-In Match D3"]
[Site "chess.com INT"]
[Date "2024.02.01"]
[Round "1.1"]
[White "Christiansen, Johan-Sebastian"]
[Black "Mishra, Abhimanyu"]
[Result "1-0"]
[WhiteElo "2632"]
[BlackElo "2627"]
[PlyCount "77"]
[EventDate "2024.02.01"]
[EventType "k.o."]

1. Nf3 {Seyb,Alexander} d5 2. c4 c6 3. g3 Nf6 4. Bg2 dxc4 5. O-O Nbd7 6. Qc2 Nb6 7. Na3 Be6 8. Ng5 ({RR} 8. b3 cxb3 9. axb3 g6 10. Nc4 Bg7 11. Na5 Qc7 12. Bb2 Bd5 ({RR} 12... O-O 13. e4) 13. d3 Bxf3 14. Bxf3 O-O 15. b4 a6 16. d4 Rfd8 17. e4 e6 18. h4 h5 19. Rad1 Rac8 20. Nb3 Ne8 21. Bc1 e5 22. dxe5 Bxe5) ({RR} 8. Ne5 Qd4 9. Nxc6 ({RR} 9. Nf3 {RR} Qd5 ({RR} 9... Qe4)) 9... bxc6 10. Bxc6+ Kd8) 8... Bg4 9. Nxc4 ({RR} 9. f3 Bh5 10. Nxc4 e5 ({RR} 10... Qd4+ 11. Ne3 e6 12. Kh1 Be7 13. d3 Nfd5 14. Nd1 O-O 15. a3 Bg6 16. Ne4 Nd7 17. Rb1 a5 18. b3 Qb6 19. Bb2 f5 20. Nd2 f4 21. Bh3 Bf5 22. Bxf5 Rxf5 23. Rg1 Bf6 24. Ne4 Bxb2 25. Qxb2) 11. d3 Nxc4 12. Qxc4 Be7 13. Ne4 Nd5 14. Nf2 f6 15. Kh1 Qb6 16. a3 Rd8 17. Qh4 Bg6 18. Nd1 f5 19. Bg5 Bxg5 20. Qxg5 O-O 21. f4 exf4 22. Bxd5+ cxd5 23. Qxf4 Bh5) 9... Bxe2 10. Ne5 Bh5 ({RR} 10... Bxf1 11. Kxf1) 11. Re1 h6 ({RR} 11... Nbd5 12. Bh3 Qb6 13. b4 ({RR} 13. d4 Rd8 ({RR} 13... e6 14. Ngxf7 Bxf7 15. Nxf7 Kxf7 16. Bxe6+ Ke8 17. Bxd5+) 14. a4) 13... Rd8 14. Rb1 Nc7 15. d3 Nb5 16. Bb2 Nd4 17. Bxd4 Qxd4 18. b5 c5 19. b6 a6 20. Bg2 Nd7 21. Re4 Qd6 22. Nc4 Qb8 23. Re3 h6 24. Ne4 e6 25. Na5 f5 26. Nd2) ({RR} 11... Nbd7 12. d4 e6 ({RR} 12... h6 13. Ngxf7 Bxf7 14. Nxf7 Kxf7 15. Qb3+ Ke8 ({RR} 15... Kg6 16. Bh3) 16. Qxb7) 13. Nexf7 Bxf7 14. Qb3 Be7 15. Nxf7 Kxf7 16. Rxe6 Nd5 ({RR} 16... Qb6 17. Rxf6+ Kxf6 18. Qf3+ Kg6 19. Bh3 Qa5 ({RR} 19... Rhf8 20. Qe4+ Kf7 21. Qe6+ Ke8 22. Qxd7+) 20. Bxd7 Qd5 21. Qg4+ Kf7 22. Bf5) 17. Bxd5 cxd5 18. Qxd5 Nf6 19. Qb3 Kg6 20. Bf4 Re8 21. Rae1 Qd7 22. R1e5 h6 23. Qd3+ Kf7 24. d5 Rad8 25. Bxh6 gxh6 26. Qf5) ({RR} 11... e6 12. Bf3 ({RR} 12. Bxc6+ bxc6 13. Qxc6+ Nbd7) 12... Bg6 ({RR} 12... Bxf3 13. Nexf7 Qd5 14. Re5) 13. Bxc6+ bxc6 ({RR} 13... Nbd7 14. Nxg6 hxg6 15. Bxb7 Rb8 16. Bd5 Nc5 17. Bc6+ Ncd7 18. d4 Be7 19. Bf4 Rc8 20. d5 e5 21. Ne6 Qa5 22. Rxe5 Ng4 23. Nc7+ Kd8 24. Rxe7 Kxe7 25. Qe2+) 14. Qxc6+ Nfd7 15. Ngxf7 Bxf7 16. Nxf7 Qf6 17. Nxh8 e5 18. Qe4 O-O-O 19. d4 Bd6 20. Bg5 Qxg5 21. Qc6+ Bc7 22. Rac1 Nd5 23. Nf7) 12. Nh3 ({RR} 12. Ngxf7 Bxf7 13. b4 a6 ({RR} 13... Nbd5 14. Bh3 ({RR} 14. b5 cxb5 15. Qb3 a6 16. Nxf7 Kxf7 17. Bb2 e6 18. Bh3 Nc7 19. Rac1 ({RR} 19. Bxe6+ Nxe6 20. Rxe6 Kg6 21. Qc2+ Kf7 22. Qb3) 19... Be7 20. Bxe6+ Kf8 21. Qf3) 14... Nc7 ({RR} 14... Nxb4 15. Be6 Bh5 ({RR} 15... Bxe6 16. Qg6+ Bf7 17. Qxf7#) 16. Qb3 ({RR} 16. Qf5 Qd6 17. Rb1) 16... Qd6 17. Nc4 Qc5 18. d4 Qxd4 19. Qxb4 Qxa1 20. Qxb7) ({RR} 14... Qb6 15. b5 ({RR} 15. Nxf7 Kxf7 16. Be6+ Ke8 17. Qg6+ Kd8) 15... Qxb5 ({RR} 15... Nb4 16. Qb2 ({RR} 16. Qf5 Qxb5 17. Nxf7 Qxf5 18. Nd6+ Kd8 19. Nf7+ Ke8 20. Nd6+) 16... a5 17. bxc6 bxc6 18. a3 Nbd5 19. Qc2) 16. Rb1 Nb4 17. Qc3 a5 18. a3 Nbd5 19. Qc2 Qa6 20. Bf5 Bg8 21. Bg6+ Kd8 22. Bd3 Qa7 23. Ng6) 15. Bf5 Qd5 ({RR} 15... g5 16. Bg6) 16. Bg6 Bxg6 17. Qxg6+ Kd8 18. Nf7+ Kc8 19. Nxh8 Ne6 20. Qf7 Nd4 21. Qxf8+ Kc7 22. Rxe7+ Kb6 23. Qf7 Nf3+ 24. Kh1 Qd4 25. Rxb7+ Ka6 26. Re7 Ne5 27. Rxe5 Qxe5 28. Qc4+) ({RR} 13... e6 14. Bh3 ({RR} 14. b5 Bd6 15. bxc6 Qc7 16. Bb2 O-O) 14... Bxb4 15. Nxf7 ({RR} 15. Rb1) 15... Kxf7 16. Bxe6+ Kf8 17. Rb1 Bd6 18. Bb2 h5 19. Qf5 Rh6 20. d3 Qe7 21. Bc1 Rh8 22. Bg5 Re8 23. Re4) ({RR} 13... Qc8 14. b5 ({RR} 14. a4) 14... cxb5 15. Qb1 Nfd7 ({RR} 15... a6 16. a4 Nxa4 17. Rxa4 bxa4 18. Bxb7 Rb8 19. Bc6+ Qxc6 20. Qxb8+ Qc8 21. Qxc8#) 16. Nxf7 Kxf7 17. Bh3 Ke8 18. d4 ({RR} 18. Qxb5 Qc6) ({RR} 18. Ba3)) 14. a4 ({RR} 14. Bh3 Qd5 ({RR} 14... Qd6 15. a4 Nbd7 16. d4 Qxb4 17. Bd2 Qb3 18. Qc1 Nxe5 ({RR} 18... Qd5 19. Nxf7 Kxf7 ({RR} 19... Qxf7 20. Qb1 Ra7 21. Be6 Qh5 22. Ra3 g5 23. Rb3 b5 24. Qc2 Rc7 25. Ba5 Rc8 26. g4 Nxg4 27. Rh3) 20. Be6+ Qxe6 21. Rxe6 Kxe6 22. Rb1) ({RR} 18... Bd5 19. Rb1 Qa2 20. Rb2 Qa3 21. Re3 Qxa4 22. Nxd7 Nxd7 23. Rxb7) ({RR} 18... Qb6 19. Nxf7 Kxf7 20. Rb1 Qc7 21. Be6+ Ke8 22. Bf4 Qc8 23. Qc2 Kd8) 19. dxe5 Bd5 20. Ra3 ({RR} 20. exf6 Qf3) 20... Qb6 21. exf6 gxf6 22. Qc2 Kf7 23. Rd3 a5 24. Bf5 h5 25. Rb1 Qa6 26. Bh7 Rxh7 27. Rxd5 cxd5 28. Qxh7+) 15. Nxf7 Kxf7 16. Bb2 ({RR} 16. Be6+ Qxe6 17. Rxe6 Kxe6) 16... h5 ({RR} 16... g5) 17. a4 Rh6 18. a5 Nbd7 19. d4 Ne8 20. Bg2 Qd6 21. Ba3 Kg8 22. Qb3+ Kh8 23. b5 Qb8 24. bxc6 bxc6 25. Qd1 Qb5 26. Bc1 Rf6 27. d5 Rd6 28. Qxh5+ Kg8) 14... g5 ({RR} 14... h5 15. a5 Nbd5 16. Bh3 Qd6 17. Ba3 Qb8 18. Nxf7 Kxf7 19. Be6+ Ke8 20. Qg6+ Kd8 21. Rac1 Nc7 22. Rc3 Nxe6 23. Rxe6 Qc8 24. Rd3+ Nd5 25. Qf5 Ke8 26. Qg6+ Kd8) 15. Ba3 ({RR} 15. Rb1) ({RR} 15. Ra3 Bg7 16. b5 O-O 17. bxc6 Rc8 18. Rc3) 15... Bg7 ({RR} 15... Rg8 16. b5 axb5 17. axb5 Bd5) 16. Ng6 ({RR} 16. b5 O-O 17. bxc6 Rc8 18. Ng6) 16... Bxg6 ({RR} 16... Nfd5) 17. Qxg6+ Kf8 18. b5 Nbd5 19. bxc6 bxc6 20. Rab1 ({RR} 20. Re6 Rc8 21. Rae1 Rc7 22. Bf1) 20... Qd7 21. Rb3 Kg8 22. Reb1 Qe8 23. Qd3 Rh7 24. Bb2 Bf8 25. Be5 Nd7 26. Bxd5+ cxd5 {Nepomniachtchi,I (2784)-Vachier Lagrave,M (2778) chess24.com INT 2020 CBM 196 [Seyb,Alexander] 0-1 (58)}) ({RR} 12. Ne4 e6 13. Nxf6+ gxf6 14. Nxc6 bxc6 15. Bxc6+ Nd7 16. Qf5 Bg6 17. Rxe6+ Be7 18. Qxf6 Rg8 19. Re1 Kf8 20. Qf4 Rc8 21. Qxh6+ Rg7 22. Qh8+ Rg8 23. Qh6+ Rg7 24. Qh8+ Rg8) ({RR} 12. Ne4 e6 13. Nxf6+ gxf6 14. Nxc6 bxc6 15. Bxc6+ Nd7 16. Qf5 Bg6 17. Rxe6+ Be7 18. Qxf6 Rg8 19. Re1 Kf8 20. Qf4 Rc8 21. Qxh6+ Rg7 22. Qh8+ Rg8 23. Qh6+ Rg7 24. Qh8+ Rg8 25. Qh6+ {½-½ (25) Nogerbek,K (2527)-Suleymenov,A (2500) Astana KAZ 2024}) 12... g5 $146 ({RR} 12... Rc8 13. Nf4 Qc7 14. Bh3 Rd8 15. Nxh5 Nxh5 16. Nxf7 Nf4 17. gxf4 Qxf4 18. Nxd8 Kxd8 19. d4 Qh4 20. Qf5 g5 21. Qg4 Qxg4+ 22. Bxg4 Bg7 23. Be3 Nd5 24. Rad1 Bf6 25. Be6 h5 26. Bxd5 cxd5 27. Rc1 {Crocker,P (2099)-Varney,Z (2003) Hull 2018 1-0 (37)}) 13. b4 a6 14. Bb2 Bg7 15. g4 Bg6 16. Nxg6 fxg6 17. Qxg6+ Kf8 18. f4 Qe8 19. Qf5 Qd7 20. Re6 Qxd2 21. Bxf6 Bxf6 22. Rxf6+ exf6 23. Qxf6+ Kg8 24. Qg6+ Kf8 25. Rf1 Qd4+ 26. Kh1 Ke7 27. fxg5 Raf8 28. Re1+ Kd8 29. gxh6 Kc8 30. Ng5 Qxb4 31. Rb1 Qd2 32. Bxc6 Qd4 33. Ne6 Qc4 34. Nxf8 bxc6 35. Qf5+ Kb7 36. Nd7 Ka7 37. Nxb6 Qe2 38. Qd7+ Kb8 39. Nd5+ 1-0

[Event "Titled Tue 30th Jan Early"]
[Site "chess.com INT"]
[Date "2024.01.30"]
[Round "7"]
[White "Svane, R."]
[Black "Banusz, T."]
[Result "1-0"]
[WhiteElo "2637"]
[BlackElo "2621"]
[PlyCount "59"]
[EventDate "2024.01.30"]

1. Nf3 d5 2. g3 c6 3. Bg2 Bg4 4. O-O Nf6 5. h3 Bh5 6. d4 e6 7. c4 Be7 8. Nc3 O-O 9. Ne5 Nbd7 10. Qb3 Nxe5 11. dxe5 Nd7 12. cxd5 cxd5 13. g4 Bg6 14. Bf4 Qb6 $146 ({RR} 14... Nc5 15. Qd1 Qb6 16. b3 Rac8 17. Rc1 Rfd8 18. Qd4 Ne4 19. Qxb6 axb6 20. Bxe4 Bxe4 21. Nxe4 dxe4 22. Rxc8 Rxc8 23. Rd1 Rd8 24. Rc1 Bc5 25. Rc4 f5 26. exf6 gxf6 27. Rxe4 e5 28. Be3 Rd1+ 29. Kg2 {Sjugirov,S (2696)-Baches Garcia,G (2326) Chess.com INT 2022 1-0 (75)}) 15. Qxb6 Nxb6 16. Nb5 Rfc8 17. Rfc1 Nc4 18. Nd6 Nxd6 19. exd6 Bf6 20. d7 Rd8 21. Rc7 Bxb2 22. Rd1 b6 23. Bd6 Bf6 24. f4 h6 25. f5 Bh7 26. e4 g6 27. e5 Bh4 28. f6 Bg3 29. Rdc1 g5 30. Rc8 1-0

[Event "Titled Tue 30th Jan Early"]
[Site "chess.com INT"]
[Date "2024.01.30"]
[Round "7"]
[White "Firouzja, Alireza"]
[Black "Sethuraman, S."]
[Result "1-0"]
[WhiteElo "2759"]
[BlackElo "2594"]
[PlyCount "91"]
[EventDate "2024.01.30"]

1. Nf3 d5 2. g3 Nf6 3. Bg2 c5 4. O-O g6 5. d3 Bg7 6. Nbd2 Nc6 7. e4 O-O 8. Re1 e5 9. c3 d4 10. Nc4 Ne8 11. cxd4 cxd4 12. Bg5 f6 13. Bd2 Be6 14. Rc1 $146 ({RR} 14. b3 b5 15. Na3 Nd6 16. Nc2 g5 17. Nfxd4 Nxd4 18. Nxd4 exd4 19. e5 fxe5 20. Bxa8 Qxa8 21. Rc1 Bh3 {0-1 (21) Frey,T (1840)-Muller,A (2130) Loire 2013}) 14... Nd6 15. b3 b5 16. Nxd6 Qxd6 17. h4 h5 18. Nh2 a5 19. g4 hxg4 20. Nxg4 Kf7 21. h5 g5 22. h6 Bxg4 23. Qxg4 Bxh6 24. Rxc6 Qxc6 25. Rc1 Qd6 26. Qh5+ Kg7 27. Bh3 Rh8 28. Bf5 Kf8 29. Bxa5 Bg7 30. Bc7 Qe7 31. Qf3 Rh4 32. Rc6 Kg8 33. Bd6 Qa7 34. a3 Qb7 35. Be6+ Kh8 36. Bd5 Rc8 37. Rc7 Qb8 38. Rd7 Rc1+ 39. Kg2 Qc8 40. Qf5 Rch1 41. Rc7 Qxf5 42. exf5 R4h2+ 43. Kg3 Rh3+ 44. Kg2 R1h2+ 45. Kg1 Kh7 46. Bxe5 1-0

[Event "Titled Tue 30th Jan Late"]
[Site "chess.com INT"]
[Date "2024.01.30"]
[Round "4"]
[White "Malakhov, V."]
[Black "Rasulov, Vu"]
[Result "1-0"]
[WhiteElo "2648"]
[BlackElo "2538"]
[PlyCount "119"]
[EventDate "2024.01.30"]

1. Nf3 d5 2. g3 g6 3. Bg2 Bg7 4. d4 c6 5. O-O Nf6 6. c3 O-O 7. Re1 a5 8. Nbd2 Bf5 9. Nh4 Be6 10. e4 dxe4 11. Nxe4 Nxe4 12. Bxe4 Nd7 $146 ({RR} 12... Bd5 13. Bxd5 cxd5 14. Nf3 Nc6 15. a4 Qb6 16. h4 h5 17. Re2 Rfe8 18. Bf4 e6 19. Qd3 Qa6 20. Qb5 Rac8 21. Ra3 Bf8 22. Rb3 Qxb5 23. Rxb5 Re7 24. Ne5 Nxe5 25. Bxe5 Ra8 26. Bd6 Rd7 27. Bxf8 {Svane,R (2648)-Palachev,P (2317) Chess.com INT 2022 1-0 (51)}) 13. Bg2 a4 14. Rxe6 fxe6 15. Bh3 e5 16. Be6+ Kh8 17. Qg4 Rf6 18. Bxd7 exd4 19. Bg5 Rd6 20. Be6 Rxe6 21. Qxe6 a3 22. bxa3 dxc3 23. Bxe7 Qd5 24. Qxd5 cxd5 25. Nf3 d4 26. Ne1 Re8 27. Bb4 Re2 28. Rd1 Kg8 29. Kf1 Rxa2 30. Nd3 Kf7 31. Bc5 Ke6 32. Nb4 Rb2 33. Bxd4 Bxd4 34. Rxd4 c2 35. Nxc2 Rxc2 36. Rb4 Rc7 37. Rb6+ Kd5 38. a4 Ke4 39. Kg2 Kf5 40. a5 Kg5 41. h4+ Kh6 42. Rb5 Kg7 43. g4 Rd7 44. f3 Kf6 45. Kg3 Rc7 46. Rb6+ Kg7 47. Kf4 Rc4+ 48. Ke3 Rc7 49. Kd4 Kh6 50. Kd5 Rf7 51. Ke4 Re7+ 52. Kf4 Rf7+ 53. Kg3 Rc7 54. h5 Kg7 55. g5 gxh5 56. f4 Rc3+ 57. Kh4 Rc4 58. Kxh5 Rxf4 59. Rxb7+ Kg8 60. a6 1-0